000 00808nam a2200253 a 4500
001 BRCA_433
005 20190320203016.0
008 141206s1990----sp-a---###---#000-0#spa-d
020 _a8476300549
041 _aspa
044 _asp
050 4 _aNE2130
_b.K74 1990
100 1 _aKrejca, Ales
_91474
245 1 0 _aLas técnicas del grabado
_bguía de las técnicas y de la historia del grabado de arte original
_cAles Krejca.
260 _aMadrid
_bLibsa
_c1990
300 _a200 p.
_bil. (algunas a color)
_c30 cm.
440 0 _aColección Técnicas de arte
_91475
500 _aIncluye índice de nombres
504 _aBibliografía: p. 196-197
650 1 4 _aGrabados
_vTécnica
_xHistoria
_91476
650 1 4 _aImpresión
_vTécnica
_xHistoria
_91477
650 1 4 _aGrabado de realce
_91478
942 _2lcc
_cB
999 _c368
_d368